| 000 | 00526nam a2200169Ia 4500 | ||
|---|---|---|---|
| 999 |
_c20801 _d20801 |
||
| 003 | OSt | ||
| 005 | 20201116121111.0 | ||
| 008 | 190216s9999||||xx |||||||||||||| ||und|| | ||
| 040 | _coclc | ||
| 082 |
_a306.6095483 _bLEM/R |
||
| 100 |
_a Lemercinier, Genevieve _96610 |
||
| 245 | 0 |
_aReligion And Ideology In Kerala / _cGenevieve Lemercinier |
|
| 260 |
_bD K Agencies P Ltd, _c1984. _aNew Delhi: |
||
| 300 | _a321p | ||
| 650 | _aIndian History | ||
| 942 |
_cBK _2ddc _h306.6095483 _iLEM/R _k306.6095483 _mLEM/R |
||